| 000 | 00523nam a2200181Ia 4500 | ||
|---|---|---|---|
| 003 | OSt | ||
| 005 | 20230619105024.0 | ||
| 008 | 210423s1990 xx 000 0 und d | ||
| 040 | _cAL | ||
| 041 | _aeng | ||
| 082 |
_a954 _223 _bGUHS |
||
| 100 |
_aGUHA (Ranajit). _9104202 |
||
| 245 | _aSubattern studies:writings on south asian history and society. | ||
| 260 |
_aKottaym _bABC Publications _c1990 |
||
| 365 |
_b150 _cINR |
||
| 906 | _aasian ; history ; society. ; south ; studies:writings ; Subattern | ||
| 942 |
_2ddc _cBK |
||
| 999 |
_c172122 _d172122 |
||